| 000 | 00736nam a22001817a 4500 | ||
|---|---|---|---|
| 005 | 20251108164039.0 | ||
| 008 | 250721s1993 xx 000 0 ara d | ||
| 082 | 1 | 4 | _a189/عمر |
| 100 | 1 | _aأبو عمران القرطبي، موسى بن ميمون بن ... | |
| 245 | 1 | 0 | _aالمقدمات الخمس و العشرون في إثبات وجود الله و وحدانيته و تنزهه من أن يكون جسما أو قوة / |
| 264 | 1 |
_aالقاهرة : _bالمكتبة الأزهرية للتراث، _c1993. |
|
| 300 | _a104ص | ||
| 650 | 1 | 7 | _aالفلسفة الإسلامية |
| 650 | 1 | 7 | _aالفلسفة اليهودية |
| 700 | 1 |
_aالكوثرى، محمد زاهد _eتحقيق |
|
| 942 |
_2ddc _cBK |
||
| 999 |
_c2270 _d2270 |
||